| 000 | 00522nam a2200205Ia 4500 | ||
|---|---|---|---|
| 003 | GCL | ||
| 008 | 140319s9999 xx 000 0 eng d | ||
| 040 |
_aGCL / _cGCL |
||
| 082 | 0 | 4 |
_a492.2 _bS E |
| 100 | 1 | _aSADER, HELENE S. | |
| 245 | 1 | 0 |
_aLES ETATS ARAMEENS DE SYRIE / _cSADER, HELENE S. |
| 260 |
_a[S.N] : _bORIENT INSTITUT DMG ، _c1987 |
||
| 300 | _a306 PP | ||
| 650 | 0 | 4 | _aSYRIA - TYPOGRAPHY |
| 650 | 0 | 4 | _aSYRIA |
| 650 | 0 | 4 | _aARAMAEAN LANGUAGE |
| 650 | 0 | 4 | _aSEMITICS |
| 650 | 0 | 4 | _aLANGUAGES |
| 942 |
_2ddc _cBK |
||
| 999 |
_c19121 _d19121 |
||